Welcome to WEB OPAC of MRSPTU Central Library

Theory and problems of electric circuits (Record no. 1463)

MARC details
000 -LEADER
fixed length control field 00392nam a2200145Ia 4500
008 - FIXED-LENGTH DATA ELEMENTS--GENERAL INFORMATION
fixed length control field 230711s9999||||xx |||||||||||||| ||und||
041 ## - LANGUAGE CODE
Language code of text/sound track or separate title ENG
082 ## - DEWEY DECIMAL CLASSIFICATION NUMBER
Classification number 621
Item number ED-E
100 ## - MAIN ENTRY--PERSONAL NAME
Personal name Edminister,A.Joseph
245 #0 - TITLE STATEMENT
Title Theory and problems of electric circuits
250 ## - EDITION STATEMENT
Edition statement 2nd
260 ## - PUBLICATION, DISTRIBUTION, ETC.
Date of publication, distribution, etc. 1991
Place of publication, distribution, etc. New Delhi
Name of publisher, distributor, etc. Tata McGraw Hill Education Limited
650 ## - SUBJECT ADDED ENTRY--TOPICAL TERM
Topical term or geographic name entry element Electronics Engineering
942 ## - ADDED ENTRY ELEMENTS (KOHA)
Koha item type Book
Holdings
Withdrawn status Lost status Damaged status Not for loan Collection Home library Current library Date acquired Total checkouts Full call number Barcode Date last seen Price effective from Koha item type
          MRSPTU Central Library MRSPTU Central Library     621 ED-E 7297 08/17/2023 08/17/2023 Book
          MRSPTU Central Library MRSPTU Central Library     621 ED-E 7298 08/17/2023 08/17/2023 Book
          MRSPTU Central Library MRSPTU Central Library     621 ED-E 7299 08/17/2023 08/17/2023 Book
          MRSPTU Central Library MRSPTU Central Library     621 ED-E 7300 08/17/2023 08/17/2023 Book
          MRSPTU Central Library MRSPTU Central Library     621 ED-E 7301 08/17/2023 08/17/2023 Book
          MRSPTU Central Library MRSPTU Central Library     621 ED-E 7302 08/17/2023 08/17/2023 Book
          MRSPTU Central Library MRSPTU Central Library     621 ED-E 7303 08/17/2023 08/17/2023 Book
          MRSPTU Central Library MRSPTU Central Library     621 ED-E 7304 08/17/2023 08/17/2023 Book
          MRSPTU Central Library MRSPTU Central Library     621 ED-E 7305 08/17/2023 08/17/2023 Book
          MRSPTU Central Library MRSPTU Central Library     621 ED-E 7306 08/17/2023 08/17/2023 Book

Website Designed and Developed by MRSPTU Central Library Team

E-mail Id: librarian@mrsptu.ac.in